| 000 | 00676cam a2200205 a 4500 | ||
|---|---|---|---|
| 001 | 000009871 | ||
| 005 | 20200929161736.0 | ||
| 008 | 821007s1971 es a 001 p spa | ||
| 040 |
_aDO-SdBNP _cDLC _dDLC |
||
| 082 |
_a861.6 _bS256e |
||
| 100 | 1 |
_aSaúl, Benjamín, _d1924-1980 _924806 |
|
| 245 | 1 | 3 |
_aEl escultor / _cBenjamín Saúl. |
| 260 |
_aEl Salvador : _bMinisterio de Educación, Dirección de Cultura, Dirección de Publicaciones, _c1971. |
||
| 300 |
_a76 p. : _bil. ; _c21 cm. |
||
| 650 | 4 |
_aPoesía española _9631 |
|
| 650 | 4 |
_aLiteratura española _9632 |
|
| 650 | 4 |
_aPoesía española _xColecciones _93395 |
|
| 910 | _aCatalogación por copia / LC | ||
| 049 | _aBNGR | ||
| 999 |
_c9630 _d9630 |
||